00309nam a22001337a 4500008004100000020001800041041000800059080001200067100000600079101000800085245005300093942001200146999001700158180919b xxu||||| |||| 00| 0 eng d a9781455749089 aeng a610..73 a2 aNUR aNew Directions In Nursing EducationcSmith, 2udccBK c48033d48033